00878nam a2200193 a 450000100100000000500170001000800410002702000180006804000250008610000440011124500450015526000390020030000290023950000630026895201200033195201050045195201110055699900170066700003844920201002031250.0130411s2012 dr a 000 0 spa d a9789945489330 aDO-SdBNPbspacBNPHU1 aPerozo Barinas, Agustínd1961-96479113aLa tríada /cAgustín Perozo Barinas. aSanto Domingo :bSantuario,c2012. a179 p. :bils. ;c24 cm. aIncluye datos biográficos del autor en la contracubierta 001054708DSaGRbGRcCTd2013-04-11iLF1l0o p38449-30r2020-06-25te. 3w2020-06-25yLFDSZPréstamo en sala 0010718PDaPDbPDcCTd2013-04-11iLF1l0o p38449-10r2020-06-25w2020-06-25yLFPDZNo se presta 0010718PDaPDbPDcCTd2013-04-11iLF1l0o p38449-20r2020-06-25te. 2w2020-06-25yLFPDZNo se presta c37939d37939